[Event "Ilichevsk"]
[Site "Ilichevsk"]
[Date "2003.05.02"]
[Round "2.4"]
[White "Kilimnik, Evgeny"]
[Black "Trimbashevskij, Igor"]
[Result "0-1"]
[WhiteElo "2105"]
[BlackElo "2376"]
[PlyCount "82"]
[EventDate "2003.04.18"]
[EventType "tourn"]
[EventRounds "10"]
[EventCountry "UKR"]
[EventCategory "2"]
[SourceTitle "EXT 2004"]
[Source "ChessBase"]
[SourceDate "2003.11.25"]
[SourceVersion "1"]
[SourceVersionDate "2003.11.25"]
[SourceQuality "1"]

1. d4 d5 2. Nf3 Bg4 3. Ne5 Bf5 4. c4 f6 5. Nf3 e6 6. Nc3 c6 7. Qb3 Qb6 8. c5 Qc7 9. Bf4 Qc8 10. e3 Nd7 11. Be2 g5 12. Bg3 h5 13. h4 g4 14. Nd2 e5 15. f3 Bh6 16. fxg4 hxg4 17. Rf1 Ne7 18. Nd1 b6 19. cxb6 axb6 20. Bd3 e4 21. Be2 b5 22. Bd6 Nf8 23. g3 Qe6 24. Bf4 Bxf4 25. exf4 Ra4 26. Qc3 Qd6 27. Ne3 Ne6 28. Nb3 Kf7 29. a3 Rha8 30. Rd1 b4 31. axb4 Qxb4 32. Kf2 Rb8 33. Nc5 Nxc5 34. Qxc5 Qxc5 35. dxc5 Rxb2 36. Rb1 Raa2 37. Rxb2 Rxb2 38. Rd1 Bc8 39. Ke1 Nf5 40. Nxf5 Bxf5 41. Rd2 Rb3 0-1

[Event "Ilichevsk"]
[Site "Ilichevsk"]
[Date "2003.04.30"]
[Round "2.3"]
[White "Fingerov, Dmitry"]
[Black "Trimbashevskij, Igor"]
[Result "1-0"]
[WhiteElo "2367"]
[BlackElo "2376"]
[PlyCount "49"]
[EventDate "2003.04.18"]
[EventType "tourn"]
[EventRounds "10"]
[EventCountry "UKR"]
[EventCategory "2"]
[SourceTitle "EXT 2004"]
[Source "ChessBase"]
[SourceDate "2003.11.25"]
[SourceVersion "1"]
[SourceVersionDate "2003.11.25"]
[SourceQuality "1"]

1. e4 c5 2. c3 d5 3. exd5 Qxd5 4. d4 Nc6 5. Nf3 Bg4 6. Be2 e6 7. h3 Bf5 8. c4 Qd7 9. d5 Nb4 10. 0-0 Nc2 11. g4 Nxa1 12. gxf5 0-0-0 13. Nc3 Bd6 14. Bg5 Nf6 15. Qd3 exf5 16. Rxa1 Nh5 17. Nh4 f6 18. Bxh5 fxg5 19. Nxf5 Bf4 20. Re1 g6 21. Re7 gxh5 22. Rxd7 Kxd7 23. Ne4 b6 24. Qa3 a5 25. Qa4+ 1-0

[Event "Geller Memorial"]
[Site "Odessa"]
[Date "2001.07.06"]
[Round "4"]
[White "Zakharchenko, Arnold"]
[Black "Trimbashevskij, Igor"]
[Result "1-0"]
[WhiteElo "2399"]
[BlackElo "2421"]
[PlyCount "61"]
[EventDate "2001.07.03"]
[EventType "tourn"]
[EventRounds "11"]
[EventCountry "UKR"]
[EventCategory "4"]
[SourceTitle "CBM 083 Extra"]
[Source "ChessBase"]
[SourceDate "2001.09.11"]
[SourceVersion "1"]
[SourceVersionDate "2001.09.11"]
[SourceQuality "1"]

1. d4 d5 2. c4 e6 3. Nc3 c6 4. Qb3 Qb6 5. Nf3 Nf6 6. g3 Nbd7 7. Bg2 Qxb3 8. axb3 Bb4 9. Bd2 Nb6 10. c5 Nbd7 11. 0-0 Bxc3 12. bxc3 Ne4 13. Rfb1 e5 14. b4 exd4 15. cxd4 Nxd2 16. Nxd2 Nf6 17. e4 dxe4 18. Nxe4 Nxe4 19. Bxe4 Kd8 20. b5 Kc7 21. bxc6 bxc6 22. d5 g6 23. d6+ Kd7 24. Ra5 Re8 25. Rb4 f5 26. Bf3 Re1+ 27. Kg2 Rc1 28. g4 fxg4 29. Bxg4+ Kd8 30. d7 Bxd7 31. Rd4 1-0

[Event "Geller Memorial"]
[Site "Odessa"]
[Date "2001.07.03"]
[Round "1"]
[White "Petrenko, Svetlana"]
[Black "Trimbashevskij, Igor"]
[Result "1-0"]
[WhiteElo "2357"]
[BlackElo "2421"]
[PlyCount "61"]
[EventDate "2001.07.03"]
[EventType "tourn"]
[EventRounds "11"]
[EventCountry "UKR"]
[EventCategory "4"]
[SourceTitle "CBM 083 Extra"]
[Source "ChessBase"]
[SourceDate "2001.09.11"]
[SourceVersion "1"]
[SourceVersionDate "2001.09.11"]
[SourceQuality "1"]

1. e4 d5 2. exd5 Nf6 3. d4 Nxd5 4. c4 Nb6 5. Nc3 e5 6. d5 Bb4 7. Qb3 Na6 8. a3 Bxc3+ 9. Qxc3 0-0 10. Nf3 e4 11. Nd4 c6 12. dxc6 Na4 13. Qe3 bxc6 14. Be2 c5 15. Nb5 f5 16. 0-0 Qf6 17. Rb1 Bb7 18. b3 Nb6 19. Bb2 Qe6 20. Qg5 Rf7 21. Rbd1 h6 22. Qh5 Nc8 23. Rd8+ Kh7 24. Nd6 Nxd6 25. Rxd6 Qxd6 26. Qxf7 Qc7 27. Qxf5+ Kg8 28. Bh5 Rd8 29. Qe6+ Kh7 30. Bg6+ Kh8 31. Bf5 1-0